000 00385 a2200169 4500
001 73566
020 _a8501063266
040 _cAnchieta - Colégio São Paulo
100 _aAndrade, Carlos Drummond de
240 1 0 _aContos plausíveis
_lpor
245 1 0 _aContos plausíveis
300 _a207
362 0 _a2006
440 1 _aRecord
650 4 _aFicção brasileira
942 _cBK
999 _c73566
_d73566